Virtual network function implementation for software defined-networks / (Record no. 4448)
[ view plain ]
| 000 -LEADER | |
|---|---|
| fixed length control field | 00718nam a2200229 ar4500 |
| 001 - CONTROL NUMBER | |
| control field | 4450 |
| 005 - DATE AND TIME OF LATEST TRANSACTION | |
| control field | 20221127090946.0 |
| 006 - FIXED-LENGTH DATA ELEMENTS--ADDITIONAL MATERIAL CHARACTERISTICS | |
| fixed length control field | a a 000 0 |
| 008 - FIXED-LENGTH DATA ELEMENTS--GENERAL INFORMATION | |
| fixed length control field | 160202 su a | 000 0|eng d |
| 090 ## - LOCALLY ASSIGNED LC-TYPE CALL NUMBER (OCLC); LOCAL CALL NUMBER (RLIN) | |
| Classification number (OCLC) (R) ; Classification number, CALL (RLIN) (NR) | SP-V |
| 245 00 - TITLE STATEMENT | |
| Title | Virtual network function implementation for software defined-networks / |
| Statement of responsibility, etc. | by Abdullah Al Khudair ... [et al.]. |
| 260 ## - PUBLICATION, DISTRIBUTION, ETC. | |
| Date of publication, distribution, etc. | 2015. |
| 300 ## - PHYSICAL DESCRIPTION | |
| Extent | vii, 82 leaves : |
| Other physical details | illustrations ; |
| Dimensions | 30 cm. |
| 500 ## - GENERAL NOTE | |
| General note | Supervisor: Dr. Adeel Baig. |
| 504 ## - BIBLIOGRAPHY, ETC. NOTE | |
| Bibliography, etc. note | Includes bibl. references. |
| 526 0# - STUDY PROGRAM INFORMATION NOTE | |
| Program name | Student project. |
| 563 ## - BINDING INFORMATION | |
| Binding note | Hard bound. |
| 650 #4 - SUBJECT ADDED ENTRY--TOPICAL TERM | |
| Topical term or geographic name entry element | Computer networks |
| General subdivision | Security measures. |
| 650 #4 - SUBJECT ADDED ENTRY--TOPICAL TERM | |
| Topical term or geographic name entry element | Data protection. |
| 650 #4 - SUBJECT ADDED ENTRY--TOPICAL TERM | |
| Topical term or geographic name entry element | Computer software. |
| 700 0# - ADDED ENTRY--PERSONAL NAME | |
| Personal name | Al Khudair, Abdullah. |
No items available.
